000 00339cam a2200133ua 4500
041 _aeng
_h
082 _a821
_bMAS/PO
100 _aMasefield, John .
245 _aPoems /
_cJohn Masefield.
_hTextual Documents
260 _aLondon :
_bHeinemann Educational Books Ltd. ,
_c1961.
300 _a922 ; .
942 _cBK
999 _c4980
_d4980